000 01584cam a22003734a 4500
001 13663108
005 20161112085929.0
008 040721s2005 pau bf 001 0 eng
010 _a 2004017023
020 _a1582552924 (pbk.)
035 _a(DNLM)101224924
040 _aDNLM/DLC
_cDLC
_dDLC
042 _apcc
050 0 0 _aRT48.6
_b.S66 2005
060 1 0 _aWY 49
_bR163n 2005
082 0 0 _aDRef 610.73
_22005
_bR13n
100 1 _aRalph, Sheila Sparks.
245 1 0 _aNursing diagnosis reference manual /
_cSheila Sparks Ralph and Cynthia M. Taylor.
246 1 4 _aSparks and Taylor's nursing diagnosis reference manual
250 _a6th edition
260 _aPhiladelphia :
_bLippincott Williams & Wilkins,
_cc2005.
300 _ax, 758 pages ;
_c24 cm.
504 _aIncludes bibliographical references and index.
505 0 _aAdult health -- Adolescent health -- Child health -- Maternal-neonatal health -- Geriatric health -- Psychiatric and mental health -- Community-based health.
650 0 _aNursing diagnosis
_vHandbooks, manuals, etc.
650 1 2 _aNursing Diagnosis
_vHandbooks.
650 2 2 _aPatient Care Planning
_vHandbooks.
700 _aTaylor, Cynthia M.
_917146
_eAuthor
856 4 1 _3Table of contents
_uhttp://www.loc.gov/catdir/toc/ecip0420/2004017023.html
856 4 2 _3Publisher description
_uhttp://www.loc.gov/catdir/enhancements/fy0712/2004017023-d.html
906 _a7
_bcbc
_corignew
_d1
_eecip
_f20
_gy-gencatlg
942 _2ddc
_cDREF
999 _c5569
_d5569